Masked Wolf - Astronaut in the Ocean - Statistics

General Stats
  • This quiz has been taken 41 times
  • The average score is 243 of 409
Answer Stats
Answer % Correct
a
97%
Astronaut
97%
astronaut
97%
about
94%
do
94%
down
94%
I
94%
in
94%
know
94%
rollin'
94%
the
94%
What
94%
Y'all
94%
you
94%
You
94%
deep?
91%
feel
91%
like
91%
li-li-li-li-like
91%
ocean,
91%
ocean
91%
an
88%
slow
88%
When
88%
call
85%
motion,
85%
brain
82%
can
82%
Can
82%
goes
82%
me
82%
mental
82%
that
82%
your
82%
freeze
79%
yea
79%
numb,
76%
shit
76%
yeah
76%
"Yeah,
76%
ayy
74%
much,
74%
people
74%
to
74%
too
74%
uh
74%
put
71%
Put
71%
these
71%
talk
68%
say
56%
say,
56%
G-O-D
50%
God,
50%
my
50%
My
50%
that's
50%
don't
47%
I'm
47%
I'ma
47%
true"
47%
cool
44%
believe
41%
Don't
41%
don't
41%
for
41%
She
41%
No
38%
They
38%
fun
35%
play
35%
so
35%
keep
32%
really
32%
T-H-O-T
32%
it
29%
on
29%
pourin'
29%
this
29%
this,
29%
dumb
26%
Lemme
26%
out
26%
drought
24%
Fallin'
24%
give
24%
is
24%
Let
24%
let
24%
was
24%
wasn't
24%
which,
24%
which
24%
all
21%
but
21%
picture
21%
playing
21%
rain
21%
stencil
21%
Didn't
18%
electric
18%
Even
18%
everything
18%
Everything
18%
fine
18%
flow,
18%
Flow
18%
get
18%
her
18%
kill
18%
pray,
18%
turn
18%
up,
18%
and
15%
baton,
15%
Energy
15%
frame,
15%
goin'
15%
hands
15%
if
15%
man,
15%
never
15%
paid
15%
Pass
15%
purge
15%
relay
15%
right,
15%
right
15%
second,
15%
straight
15%
way
15%
work
15%
ain't
12%
around
12%
around,
12%
been
12%
blame
12%
could
12%
deflate
12%
felt
12%
just
12%
kinetic,
12%
Let's
12%
match
12%
movin'
12%
pain
12%
progression,
12%
See,
12%
Still
12%
surge
12%
time
12%
together,
12%
back
9%
Both
9%
burnt
9%
elevate,
9%
kinda
9%
not,
9%
not
9%
of
9%
peace
9%
spine
9%
uh
9%
better
6%
between
6%
break
6%
grind
6%
Have
6%
inclined
6%
I've
6%
Kendrick
6%
Lamar,
6%
lines?
6%
lounged
6%
mine,
6%
mode
6%
piece
6%
plank,
6%
please
6%
Please
6%
pool,
6%
prank
6%
rhyme's
6%
sign
6%
Swimmin'
6%
walkin'
6%
waste
6%
read
3%
seen
3%
Want
3%
No matching quizzes found
Score Distribution
Percent of People with Each Score
Percentile by Number Answered
Your Score History
You have not taken this quiz